<?xml version="1.0" encoding="UTF-8"?>
<record
    xmlns:xsi="http://www.w3.org/2001/XMLSchema-instance"
    xsi:schemaLocation="http://www.loc.gov/MARC21/slim http://www.loc.gov/standards/marcxml/schema/MARC21slim.xsd"
    xmlns="http://www.loc.gov/MARC21/slim">

  <leader>02052nam1a2200325 i 4500</leader>
  <controlfield tag="001">RU\NLR\bibl\741673</controlfield>
  <controlfield tag="005">20260407091242.0</controlfield>
  <datafield tag="010" ind1=" " ind2=" ">
    <subfield code="a">5-88081-362-2</subfield>
    <subfield code="9">1000</subfield>
  </datafield>
  <datafield tag="035" ind1=" " ind2=" ">
    <subfield code="a">(NLR Aleph) 000731545</subfield>
  </datafield>
  <datafield tag="090" ind1=" " ind2=" ">
    <subfield code="a">765819</subfield>
    <subfield code="c">765819</subfield>
  </datafield>
  <datafield tag="100" ind1=" " ind2=" ">
    <subfield code="a">20050330d2003    u  y0rusy50      ca</subfield>
  </datafield>
  <datafield tag="101" ind1="0" ind2=" ">
    <subfield code="a">rus</subfield>
  </datafield>
  <datafield tag="102" ind1=" " ind2=" ">
    <subfield code="a">RU</subfield>
  </datafield>
  <datafield tag="105" ind1=" " ind2=" ">
    <subfield code="a">||||z   |||||</subfield>
  </datafield>
  <datafield tag="200" ind1="1" ind2=" ">
    <subfield code="a">&#x413;&#x43E;&#x441;&#x443;&#x434;&#x430;&#x440;&#x441;&#x442;&#x432;&#x435;&#x43D;&#x43D;&#x430;&#x44F; &#x440;&#x435;&#x433;&#x438;&#x441;&#x442;&#x440;&#x430;&#x446;&#x438;&#x44F; &#x43F;&#x440;&#x430;&#x432; &#x43D;&#x430; &#x43D;&#x435;&#x434;&#x432;&#x438;&#x436;&#x438;&#x43C;&#x43E;&#x435; &#x438;&#x43C;&#x443;&#x449;&#x435;&#x441;&#x442;&#x432;&#x43E;</subfield>
    <subfield code="e">&#x43F;&#x440;&#x430;&#x43A;&#x442;. &#x43F;&#x43E;&#x441;&#x43E;&#x431;&#x438;&#x435;</subfield>
    <subfield code="e">[&#x432; 2 &#x447;.]</subfield>
    <subfield code="f">&#x41C;-&#x432;&#x43E; &#x44E;&#x441;&#x442;&#x438;&#x446;&#x438;&#x438; &#x420;&#x43E;&#x441;. &#x424;&#x435;&#x434;&#x435;&#x440;&#x430;&#x446;&#x438;&#x438;, &#x423;&#x440;. &#x444;&#x435;&#x434;&#x435;&#x440;. &#x43E;&#x43A;&#x440;&#x443;&#x433;, &#x423;&#x447;&#x440;&#x435;&#x436;&#x434;&#x435;&#x43D;&#x438;&#x435; &#x44E;&#x441;&#x442;&#x438;&#x446;&#x438;&#x438; &#x43F;&#x43E; &#x433;&#x43E;&#x441;. &#x440;&#x435;&#x433;&#x438;&#x441;&#x442;&#x440;&#x430;&#x446;&#x438;&#x438; &#x43F;&#x440;&#x430;&#x432; &#x43D;&#x430; &#x43D;&#x435;&#x434;&#x432;&#x438;&#x436;&#x438;&#x43C;&#x43E;&#x435; &#x438;&#x43C;&#x443;&#x449;&#x435;&#x441;&#x442;&#x432;&#x43E; &#x438; &#x441;&#x434;&#x435;&#x43B;&#x43E;&#x43A; &#x441; &#x43D;&#x438;&#x43C; &#x43D;&#x430; &#x442;&#x435;&#x440;&#x440;&#x438;&#x442;&#x43E;&#x440;&#x438;&#x438; &#x422;&#x44E;&#x43C;. &#x43E;&#x431;&#x43B;.</subfield>
    <subfield code="g">[&#x410;.&#x410;. &#x41E;&#x434;&#x438;&#x43D;&#x446;&#x43E;&#x432; &#x438; &#x434;&#x440;.]</subfield>
  </datafield>
  <datafield tag="210" ind1=" " ind2=" ">
    <subfield code="a">&#x422;&#x44E;&#x43C;&#x435;&#x43D;&#x44C;</subfield>
    <subfield code="c">&#x418;&#x437;&#x434;-&#x432;&#x43E; &#x422;&#x44E;&#x43C;. &#x433;&#x43E;&#x441;. &#x443;&#x43D;-&#x442;&#x430;</subfield>
    <subfield code="d">2003</subfield>
  </datafield>
  <datafield tag="215" ind1=" " ind2=" ">
    <subfield code="d">20</subfield>
  </datafield>
  <datafield tag="300" ind1=" " ind2=" ">
    <subfield code="a">60 &#x43B;&#x435;&#x442; &#x422;&#x44E;&#x43C;. &#x43E;&#x431;&#x43B;.</subfield>
  </datafield>
  <datafield tag="463" ind1=" " ind2="0">
    <subfield code="1">001561669</subfield>
  </datafield>
  <datafield tag="463" ind1=" " ind2="0">
    <subfield code="1">001561668</subfield>
  </datafield>
  <datafield tag="606" ind1="0" ind2=" ">
    <subfield code="a">&#x41D;&#x435;&#x434;&#x432;&#x438;&#x436;&#x438;&#x43C;&#x43E;&#x435; &#x438;&#x43C;&#x443;&#x449;&#x435;&#x441;&#x442;&#x432;&#x43E;</subfield>
    <subfield code="j">&#x417;&#x430;&#x43A;&#x43E;&#x43D;&#x44B;, &#x43F;&#x43E;&#x441;&#x442;&#x430;&#x43D;&#x43E;&#x432;&#x43B;&#x435;&#x43D;&#x438;&#x44F; &#x438; &#x442;.&#x43F;.</subfield>
    <subfield code="j">&#x41A;&#x43E;&#x43C;&#x43C;&#x435;&#x43D;&#x442;&#x430;&#x440;&#x438;&#x438;</subfield>
    <subfield code="x">&#x420;&#x435;&#x433;&#x438;&#x441;&#x442;&#x440;&#x430;&#x446;&#x438;&#x44F; &#x43F;&#x440;&#x430;&#x432;</subfield>
    <subfield code="y">&#x422;&#x44E;&#x43C;&#x435;&#x43D;&#x441;&#x43A;&#x430;&#x44F; &#x43E;&#x431;&#x43B;&#x430;&#x441;&#x442;&#x44C;</subfield>
    <subfield code="9">2347519</subfield>
    <subfield code="3">RU\NLR\auth\661402742</subfield>
  </datafield>
  <datafield tag="606" ind1="0" ind2=" ">
    <subfield code="a">&#x41D;&#x435;&#x434;&#x432;&#x438;&#x436;&#x438;&#x43C;&#x43E;&#x435; &#x438;&#x43C;&#x443;&#x449;&#x435;&#x441;&#x442;&#x432;&#x43E;</subfield>
    <subfield code="j">&#x417;&#x430;&#x43A;&#x43E;&#x43D;&#x43E;&#x434;&#x430;&#x442;&#x435;&#x43B;&#x44C;&#x43D;&#x44B;&#x435; &#x43C;&#x430;&#x442;&#x435;&#x440;&#x438;&#x430;&#x43B;&#x44B;</subfield>
    <subfield code="j">&#x41A;&#x43E;&#x43C;&#x43C;&#x435;&#x43D;&#x442;&#x430;&#x440;&#x438;&#x438;</subfield>
    <subfield code="x">&#x420;&#x435;&#x433;&#x438;&#x441;&#x442;&#x440;&#x430;&#x446;&#x438;&#x44F; &#x43F;&#x440;&#x430;&#x432;</subfield>
    <subfield code="y">&#x422;&#x44E;&#x43C;&#x435;&#x43D;&#x441;&#x43A;&#x430;&#x44F; &#x43E;&#x431;&#x43B;&#x430;&#x441;&#x442;&#x44C;</subfield>
    <subfield code="9">2347519</subfield>
    <subfield code="3">RU\NLR\auth\661402742</subfield>
  </datafield>
  <datafield tag="686" ind1=" " ind2=" ">
    <subfield code="a">&#x425;623.211.12-329(2&#x420;-4&#x422;&#x44E;)&#x44F;7</subfield>
  </datafield>
  <datafield tag="702" ind1=" " ind2="1">
    <subfield code="4">220</subfield>
    <subfield code="8">rus</subfield>
    <subfield code="7">ca</subfield>
    <subfield code="a">&#x41E;&#x434;&#x438;&#x43D;&#x446;&#x43E;&#x432;</subfield>
    <subfield code="b">&#x410;. &#x410;.</subfield>
    <subfield code="g">&#x410;&#x43B;&#x435;&#x43A;&#x441;&#x430;&#x43D;&#x434;&#x440; &#x410;&#x43B;&#x435;&#x43A;&#x441;&#x435;&#x435;&#x432;&#x438;&#x447;</subfield>
    <subfield code="3">RU\NLR\auth\7724527</subfield>
    <subfield code="9">7578</subfield>
  </datafield>
  <datafield tag="712" ind1="0" ind2="2">
    <subfield code="4">570</subfield>
    <subfield code="a">&#x423;&#x447;&#x440;&#x435;&#x436;&#x434;&#x435;&#x43D;&#x438;&#x435; &#x44E;&#x441;&#x442;&#x438;&#x446;&#x438;&#x438; &#x43F;&#x43E; &#x433;&#x43E;&#x441;&#x443;&#x434;&#x430;&#x440;&#x441;&#x442;&#x432;&#x435;&#x43D;&#x43D;&#x43E;&#x439; &#x440;&#x435;&#x433;&#x438;&#x441;&#x442;&#x440;&#x430;&#x446;&#x438;&#x438; &#x43F;&#x440;&#x430;&#x432; &#x43D;&#x430; &#x43D;&#x435;&#x434;&#x432;&#x438;&#x436;&#x438;&#x43C;&#x43E;&#x435; &#x438;&#x43C;&#x443;&#x449;&#x435;&#x441;&#x442;&#x432;&#x43E; &#x438; &#x441;&#x434;&#x435;&#x43B;&#x43E;&#x43A; &#x441; &#x43D;&#x438;&#x43C; &#x43D;&#x430; &#x442;&#x435;&#x440;&#x440;&#x438;&#x442;&#x43E;&#x440;&#x438;&#x438; &#x422;&#x44E;&#x43C;&#x435;&#x43D;&#x441;&#x43A;&#x43E;&#x439; &#x43E;&#x431;&#x43B;&#x430;&#x441;&#x442;&#x438;</subfield>
    <subfield code="3">RU\NLR\AUTH\8810048891</subfield>
    <subfield code="9">597834</subfield>
  </datafield>
  <datafield tag="801" ind1=" " ind2="0">
    <subfield code="a">RU</subfield>
    <subfield code="b">NLR</subfield>
    <subfield code="c">20050330</subfield>
    <subfield code="g">PSBO</subfield>
  </datafield>
  <datafield tag="801" ind1=" " ind2="1">
    <subfield code="a">RU</subfield>
    <subfield code="b">NLR</subfield>
    <subfield code="c">20050330</subfield>
  </datafield>
  <datafield tag="852" ind1=" " ind2=" ">
    <subfield code="a">NLR</subfield>
    <subfield code="j">2004-3/20869</subfield>
  </datafield>
  <datafield tag="942" ind1=" " ind2=" ">
    <subfield code="c">BOOK</subfield>
  </datafield>
</record>
